Načítá se...

Tharathamya sahitya chintha/

Podrobná bibliografie
Další autoři: M N Karassery (ed.)
Médium: Printed Book
Vydáno: Thrissur: Kerala Sahithya Akademi, 2016.
Témata:
LEADER 00617nam a22001691a 4500
020 |a 9788176903486 
082 |a M 809  |b MNK/T 
245 |a Tharathamya sahitya chintha/  |c by M N Karassery (ed.) 
260 |a Thrissur:  |b Kerala Sahithya Akademi,  |c 2016. 
300 |a 150p. 
650 |a Critical Appraisal Literature  |9 175494 
650 |a Comparative Literature  |9 175495 
650 |a Literature  |9 175496 
700 |a M N Karassery (ed.)  |9 175497 
942 |c BK 
999 |c 142645  |d 142645 
952 |0 0  |1 0  |4 0  |6 M_809_000000000000000_MNK_T  |7 0  |9 98824  |a SSUS  |b SSUS  |c STACKS  |d 2019-08-24  |g 120.00  |o M 809 MNK/T  |p 095885  |r 2019-08-24  |w 2019-08-24  |y BK